00508nam a2200169Ia 4500008004100000100001800041245004200059245001700101260002400118260000900142300002500151440003300176650001400209650002200223999001900245952007400264190430s9999 xx 000 0 und d aFlores, Helen aTaiwan offers scholarship for Pinoys/ cHelen Flores bThe Philippine Star c2019 aPage B16, January 18 aThe Philippine Starv33: 175 aeducation ascholarship grant c361757d361757 001040aLUXbLUXd2019-04-30l0r2019-04-30 00:00:00w2019-04-30ySE